Constitution of the Republic of El Salvador, 1962. (Record no. 51593)
[ view plain ]
| 000 -LEADER | |
|---|---|
| fixed length control field | 00812cam a22002531a 4500 |
| 001 - CONTROL NUMBER | |
| control field | pa 66000112 |
| 003 - CONTROL NUMBER IDENTIFIER | |
| control field | DLC |
| 005 - DATE AND TIME OF LATEST TRANSACTION | |
| control field | 20260227111857.0 |
| 008 - FIXED-LENGTH DATA ELEMENTS--GENERAL INFORMATION | |
| fixed length control field | 770103s1966 dcu i000 0 eng |
| 010 ## - LIBRARY OF CONGRESS CONTROL NUMBER | |
| LC control number | pa 66000112 |
| 035 ## - SYSTEM CONTROL NUMBER | |
| System control number | (OCoLC)2658479 |
| 040 ## - CATALOGING SOURCE | |
| Original cataloging agency | DLC |
| Transcribing agency | KU |
| Modifying agency | OCoLC |
| -- | NIC |
| -- | OrPS |
| -- | MoSU-L |
| -- | OCoLC |
| -- | DLC |
| 041 1# - LANGUAGE CODE | |
| Language code of text/sound track or separate title | eng |
| Language code of original | spa |
| 042 ## - AUTHENTICATION CODE | |
| Authentication code | premarc |
| 043 ## - GEOGRAPHIC AREA CODE | |
| Geographic area code | nces--- |
| 050 00 - LIBRARY OF CONGRESS CALL NUMBER | |
| Classification number | LAW <United States Salvador 1 Cons. 1966> |
| 110 1# - MAIN ENTRY--CORPORATE NAME | |
| Corporate name or jurisdiction name as entry element | El Salvador. |
| 240 10 - UNIFORM TITLE | |
| Uniform title | Constitución política (1962). |
| Language of a work | English |
| 245 10 - TITLE STATEMENT | |
| Title | Constitution of the Republic of El Salvador, 1962. |
| 260 ## - PUBLICATION, DISTRIBUTION, ETC. | |
| Place of publication, distribution, etc. | Washington, D.C. : |
| Name of publisher, distributor, etc. | Pan American Union, General Secretariat, Organization of American States, |
| Date of publication, distribution, etc. | 1966. |
| 300 ## - PHYSICAL DESCRIPTION | |
| Extent | 40 p. ; |
| Dimensions | 28 cm. |
| 651 #0 - SUBJECT ADDED ENTRY--GEOGRAPHIC NAME | |
| Geographic name | El Salvador |
| General subdivision | Constitution. |
| 710 2# - ADDED ENTRY--CORPORATE NAME | |
| Corporate name or jurisdiction name as entry element | Pan American Union. |
No items available.